000 00722nam a22002297a 4500
003 UA-OsUOA
001 23158
007 ta
008 20040113b un ||||| |||| 00| 0 ukr d
090 _a268
_bЮ52
942 _cBK
040 _aUA-OsUOA
_bukr
_cUA-OsUOA
_dUA-OsUOA
245 _aЮні дослідники Біблії
_bКурс по вивченню Біблії для дітей середнього шкільного віку
_cРед. В.М.Жуковський В.Г.Підлужний
300 _a106 с.
955 _a0
041 _aukr
080 _a268
260 _aРівне
_bУкр. вид-ня Місія без кордонів
_c1999
044 _aUA
650 7 _2UDC
999 _c309401
_d309401